[Event "Hajduszoboszlo op 2nd"]
[Site "Hajduszoboszlo"]
[Date "2024.02.10"]
[Round "4"]
[White "Balazs, Marcell"]
[Black "Szatmari, Gergo Gyula"]
[Result "1-0"]
[WhiteElo "1935"]
[BlackElo "1551"]
[PlyCount "53"]
[EventDate "2024.02.08"]
[EventType "swiss"]
[EventRounds "7"]
[EventCountry "HUN"]
[SourceTitle "CB08_2024"]
[SourceDate "2024.02.21"]
[SourceVersion "1"]
[SourceVersionDate "2024.02.21"]
[SourceQuality "1"]

1. d4 d5 2. c4 c6 3. Nc3 Nf6 4. Nf3 Bg4 5. Qb3 b6 6. cxd5 Bxf3 7. gxf3 Nxd5 8. e4 Nxc3 9. Qxc3 e6 10. Be3 Qf6 11. 0-0-0 g6 12. h4 Qxf3 13. d5 Qxe4 14. Bd3 Qb4 15. Qxh8 cxd5 16. Bh6 Nd7 17. Bxf8 Nxf8 18. Kb1 a5 19. Rc1 a4 20. Rc7 a3 21. Rhc1 d4 22. b3 Rd8 23. Qf6 Nd7 24. Rxd7 Kxd7 25. Qxf7+ Kd6 26. Qc7+ Kd5 27. Qxd8+ 1-0

[Event "Hajduszoboszlo op 2nd"]
[Site "Hajduszoboszlo"]
[Date "2024.02.09"]
[Round "3"]
[White "Molnar, Laszlo"]
[Black "Balazs, Marcell"]
[Result "1-0"]
[WhiteElo "2105"]
[BlackElo "1935"]
[PlyCount "51"]
[EventDate "2024.02.08"]
[EventType "swiss"]
[EventRounds "7"]
[EventCountry "HUN"]
[SourceTitle "CB08_2024"]
[SourceDate "2024.02.21"]
[SourceVersion "1"]
[SourceVersionDate "2024.02.21"]
[SourceQuality "1"]

1. Nf3 d5 2. d4 c5 3. c4 e6 4. cxd5 exd5 5. Nc3 Nc6 6. g3 Nf6 7. Bg2 Be6 8. 0-0 Qd7 9. Ne5 Qc8 10. Bf4 Nxd4 11. e3 Nc6 12. Nxd5 Nxe5 13. Bxe5 Nxd5 14. Bxd5 Qd7 15. Bg2 Rd8 16. Qc2 f6 17. Rfd1 Qb5 18. Bc7 Rxd1+ 19. Rxd1 Kf7 20. Rd8 g6 21. Rb8 b6 22. Bd6 Qa5 23. Qe4 Qe1+ 24. Bf1 Bxd6 25. Rxh8 Kg7 26. Qxe6 1-0

[Event "Hajduszoboszlo op 2nd"]
[Site "Hajduszoboszlo"]
[Date "2024.02.08"]
[Round "1"]
[White "Major, Peter1"]
[Black "Balazs, Marcell"]
[Result "0-1"]
[WhiteElo "1399"]
[BlackElo "1935"]
[PlyCount "48"]
[EventDate "2024.02.08"]
[EventType "swiss"]
[EventRounds "7"]
[EventCountry "HUN"]
[SourceTitle "CB08_2024"]
[SourceDate "2024.02.21"]
[SourceVersion "1"]
[SourceVersionDate "2024.02.21"]
[SourceQuality "1"]

1. e4 c5 2. c3 d5 3. exd5 Qxd5 4. Nf3 Bg4 5. Be2 Nc6 6. d4 cxd4 7. cxd4 e6 8. 0-0 Nf6 9. Nc3 Qd7 10. Bf4 Be7 11. Ne5 Bxe2 12. Nxd7 Bxd1 13. Nxf6+ Bxf6 14. Raxd1 Nxd4 15. Bd6 Nf5 16. Bb4 Be7 17. Bxe7 Kxe7 18. Rfe1 Rhd8 19. Nd5+ Kf8 20. Nc7 Rac8 21. Rxd8+ Rxd8 22. g4 Nd4 23. Kg2 a6 24. f4 Nc6 0-1